003790000a22001330004500020001500000060000800015082002000023100002000043245009300063260003700156260000900193300000800202650003500210 a0046350098 a100 a582.120 463 RUT aRutherford, Meg aPattern of herbs : herbs for goodness, food and health and how to identify and grow them aLondon, George Allen & Unwin Ltd c1975 a150 aHerbs - pattern/ herbs - index